<?xml version="1.0" encoding="UTF-8"?>
<record
    xmlns:xsi="http://www.w3.org/2001/XMLSchema-instance"
    xsi:schemaLocation="http://www.loc.gov/MARC21/slim http://www.loc.gov/standards/marcxml/schema/MARC21slim.xsd"
    xmlns="http://www.loc.gov/MARC21/slim">

  <leader>03458nam a2200385 i 4500</leader>
  <controlfield tag="001">ebr10801897</controlfield>
  <controlfield tag="003">CaPaEBR</controlfield>
  <controlfield tag="006">m     o  d        </controlfield>
  <controlfield tag="007">cr cn|||||||||</controlfield>
  <controlfield tag="008">100604t20112011njua    ob    000 0 eng|d</controlfield>
  <datafield tag="020" ind1=" " ind2=" ">
    <subfield code="z">9781556428517 (alk. paper)</subfield>
  </datafield>
  <datafield tag="020" ind1=" " ind2=" ">
    <subfield code="z">1556428510 (alk. paper)</subfield>
  </datafield>
  <datafield tag="020" ind1=" " ind2=" ">
    <subfield code="a">9781617117367 (e-book)</subfield>
  </datafield>
  <datafield tag="040" ind1=" " ind2=" ">
    <subfield code="a">CaPaEBR</subfield>
    <subfield code="b">eng</subfield>
    <subfield code="e">rda</subfield>
    <subfield code="e">pn</subfield>
    <subfield code="c">CaPaEBR</subfield>
  </datafield>
  <datafield tag="050" ind1="1" ind2="4">
    <subfield code="a">RD561</subfield>
    <subfield code="b">.E87 2011eb</subfield>
  </datafield>
  <datafield tag="082" ind1="0" ind2="4">
    <subfield code="a">617.5/820592</subfield>
    <subfield code="2">22</subfield>
  </datafield>
  <datafield tag="245" ind1="0" ind2="0">
    <subfield code="a">Essentials in total knee arthroplasty /</subfield>
    <subfield code="c">edited by Javad Parvizi, Brian A. Klatt.</subfield>
  </datafield>
  <datafield tag="264" ind1=" " ind2="1">
    <subfield code="a">Thorofare, NJ :</subfield>
    <subfield code="b">SLACK Incorporated,</subfield>
    <subfield code="c">[2011]</subfield>
  </datafield>
  <datafield tag="264" ind1=" " ind2="4">
    <subfield code="c">&#xFFFD;2011</subfield>
  </datafield>
  <datafield tag="300" ind1=" " ind2=" ">
    <subfield code="a">1 online resource (229 pages) :</subfield>
    <subfield code="b">illustrations (some color)</subfield>
  </datafield>
  <datafield tag="336" ind1=" " ind2=" ">
    <subfield code="a">text</subfield>
    <subfield code="2">rdacontent</subfield>
  </datafield>
  <datafield tag="337" ind1=" " ind2=" ">
    <subfield code="a">computer</subfield>
    <subfield code="2">rdamedia</subfield>
  </datafield>
  <datafield tag="338" ind1=" " ind2=" ">
    <subfield code="a">online resource</subfield>
    <subfield code="2">rdacarrier</subfield>
  </datafield>
  <datafield tag="504" ind1=" " ind2=" ">
    <subfield code="a">Includes bibliographical references.</subfield>
  </datafield>
  <datafield tag="505" ind1="0" ind2=" ">
    <subfield code="a">Applied anatomy of the total knee arthroplasty / Sarah Lombardo, Arjun Saxena and Javad Parvizi -- Knee biomechanics and biomaterials / Nitin Goyal and William J. Hozack -- Arthritides / Bruce Hopper -- Nonsurgical alternatives/conservative management / Barry E. Kenneally and Peter C. Vitanzo Jr -- Surgical alternatives to total knee arthroplasty / Hany Bedair and David Backstein -- The history of modern total knee replacement / Jennifer K. Bow and Javad Parvizi -- Total knee arthroplasty : indications / Harvey E. Smith and Craig J. Della Valle -- Preoperative patient evaluation for total knee arthroplasty / Benjamin Bender, Ashok L. Gowda and Javad Parvizi -- Surgical approaches to total knee arthroplasty / Gregg R. Klein and Mark A. Hartzband -- Operating room set-up / Manny Porat and William J. Hozack -- Surgical principles of total knee arthroplasty / Gregory K. Deirmengian and Carl A. Deirmengian -- Avoiding and overcoming your nightmares / Michael R. Pagnotto and Brian A. Klatt -- Postoperative analgesia options for the total knee arthroplasty patient / Eric Schwenk ... [et al.] -- Controversies in total knee arthroplasty / James J. Purtill, Khalid A. Azzam -- Early failure in primary total knee arthroplasty / William Arnold -- Mechanisms of failure in total knee arthroplasty / Omar Abdul-Hadi, MD and Peter F. Sharkey -- Patella fracture following total knee arthroplasty / Alvin Ong -- Periprosthetic fracture in total knee arthroplasty / Garen D. Steele and Brian A. Klatt -- Total knee infection / Michael Williamson and Javad Parvizi -- Aseptic loosening / Zachary Post -- Complex primary total knee arthroplasty / Benjamin Bender, Luis Pulido and Javad Parvizi -- Total knee arthroplasty revision / Camilo Restrepo, Eric L. Grossman and Matthew S. Austin -- Total knee arthroplasty rehabilitation / Kristen Hines ... [et al.].</subfield>
  </datafield>
  <datafield tag="588" ind1=" " ind2=" ">
    <subfield code="a">Description based on print version record.</subfield>
  </datafield>
  <datafield tag="590" ind1=" " ind2=" ">
    <subfield code="a">Electronic reproduction. Palo Alto, Calif. : ebrary, 2013. Available via World Wide Web. Access may be limited to ebrary affiliated libraries.</subfield>
  </datafield>
  <datafield tag="650" ind1=" " ind2="0">
    <subfield code="a">Total knee replacement.</subfield>
  </datafield>
  <datafield tag="655" ind1=" " ind2="0">
    <subfield code="a">Electronic books.</subfield>
  </datafield>
  <datafield tag="700" ind1="1" ind2=" ">
    <subfield code="a">Parvizi, Javad.</subfield>
  </datafield>
  <datafield tag="700" ind1="1" ind2=" ">
    <subfield code="a">Klatt, Brian A.</subfield>
  </datafield>
  <datafield tag="776" ind1="0" ind2="8">
    <subfield code="i">Print version:</subfield>
    <subfield code="t">Essentials in total knee arthroplasty.</subfield>
    <subfield code="d">Thorofare, NJ : SLACK Incorporated, [2011]</subfield>
    <subfield code="h">xiii, 210 pages ; 29 cm</subfield>
    <subfield code="z">9781556428517</subfield>
    <subfield code="w">(OCoLC)ocn640072350</subfield>
    <subfield code="w">(DLC)10801897</subfield>
  </datafield>
  <datafield tag="797" ind1="2" ind2=" ">
    <subfield code="a">ebrary.</subfield>
  </datafield>
  <datafield tag="856" ind1="4" ind2="0">
    <subfield code="u">http://site.ebrary.com/lib/rucke/Doc?id=10801897</subfield>
    <subfield code="z">An electronic book accessible through the World Wide Web; click to view</subfield>
  </datafield>
  <datafield tag="999" ind1=" " ind2=" ">
    <subfield code="c">144356</subfield>
    <subfield code="d">144356</subfield>
  </datafield>
</record>
